Doctor zhivago. (Record no. 16382)
[ view plain ]
| 000 -LEADER | |
|---|---|
| fixed length control field | 00812nam a2200313Ia 4500 |
| 001 - CONTROL NUMBER | |
| control field | AUWbook000049 |
| 003 - CONTROL NUMBER IDENTIFIER | |
| control field | BDCtgAUW |
| 005 - DATE AND TIME OF LATEST TRANSACTION | |
| control field | 20260406154803.0 |
| 008 - FIXED-LENGTH DATA ELEMENTS--GENERAL INFORMATION | |
| fixed length control field | 220908s9999 xx 000 0 eng d |
| 020 ## - INTERNATIONAL STANDARD BOOK NUMBER | |
| International Standard Book Number | 0679774386 |
| 040 ## - CATALOGING SOURCE | |
| Original cataloging agency | BDCtgAUW |
| Transcribing agency | BDCtgAUW |
| 050 ## - LIBRARY OF CONGRESS CALL NUMBER | |
| Classification number | PG3476.P27D63 |
| 100 1# - MAIN ENTRY--PERSONAL NAME | |
| Personal name | Pasternak, Boris. |
| 245 #0 - TITLE STATEMENT | |
| Title | Doctor zhivago. |
| 260 ## - PUBLICATION, DISTRIBUTION, ETC. | |
| Place of publication, distribution, etc. | New York : |
| Name of publisher, distributor, etc. | Pantheon Books, |
| Date of publication, distribution, etc. | 1991. |
| 650 #0 - SUBJECT ADDED ENTRY--TOPICAL TERM | |
| Topical term or geographic name entry element | 1917 |
| General subdivision | 1921. |
| 9 (RLIN) | 78661 |
| 650 #0 - SUBJECT ADDED ENTRY--TOPICAL TERM | |
| Topical term or geographic name entry element | Didactic fiction. |
| 650 #0 - SUBJECT ADDED ENTRY--TOPICAL TERM | |
| Topical term or geographic name entry element | Epic literature. |
| 650 #0 - SUBJECT ADDED ENTRY--TOPICAL TERM | |
| Topical term or geographic name entry element | Historical fiction. |
| 650 #0 - SUBJECT ADDED ENTRY--TOPICAL TERM | |
| Topical term or geographic name entry element | Love stories. |
| 650 #0 - SUBJECT ADDED ENTRY--TOPICAL TERM | |
| Topical term or geographic name entry element | Political fiction. |
| 650 #0 - SUBJECT ADDED ENTRY--TOPICAL TERM | |
| Topical term or geographic name entry element | Soviet Union |
| General subdivision | History |
| -- | Revolution. |
| 9 (RLIN) | 78662 |
| 651 #0 - SUBJECT ADDED ENTRY--GEOGRAPHIC NAME | |
| Geographic name | Russian literature. |
| 655 #7 - INDEX TERM--GENRE/FORM | |
| Genre/form data or focus term | Fiction. |
| Source of term | lcgft |
| 9 (RLIN) | 73569 |
| 887 ## - NON-MARC INFORMATION FIELD | |
| Content of non-MARC field | BRAC |
| Source of data | 2982 |
| 888 ## - | |
| -- | 2982 |
| 942 ## - ADDED ENTRY ELEMENTS (KOHA) | |
| Koha item type | Books |
| Koha issues (borrowed), all copies | 0 |
| 945 ## - LOCAL PROCESSING INFORMATION (OCLC) | |
| c | BK |
No items available.